[Event "CYCC U14"]
[Site "Kapuskasing CAN"]
[Date "2003.07.07"]
[Round "1"]
[White "Danilko, Alex"]
[Black "Derraugh, Geordie"]
[Result "0-1"]
[WhiteElo "1272"]
[BlackElo "1676"]
[PlyCount "94"]
[EventDate "2003.07.07"]
[EventType "swiss"]
[EventRounds "7"]
[EventCountry "CAN"]

1. e4 c5 2. Nf3 e6 3. d4 cxd4 4. Nxd4 Nf6 5. Nc3 Be7 6. e5 Ng8 7. Bd3 d5 8. Bd2
Nc6 9. Nf3 Bc5 10. Bb5 Qb6 11. Qe2 a6 12. Na4 Bxf2+ 13. Qxf2 Qxb5 14. b3 Nge7
15. Nc3 Qa5 16. Ne4 Qc7 17. Nd6+ Kd7 18. Nxc8 Kxc8 19. O-O h5 20. Bc3 Nf5 21.
Nh4 g6 22. a3 Qe7 23. Nxf5 gxf5 24. Qb6 Qc7 25. Qxc7+ Kxc7 26. Rad1 Rag8 27. h3
Rg3 28. Rf3 Rhg8 29. Rxg3 Rxg3 30. Rd3 Rxd3 31. cxd3 d4 32. Bb2 Nxe5 33. Bxd4
Nxd3 34. g3 Kd6 35. Kf1 e5 36. Bc3 Kd5 37. Ke2 Nc1+ 38. Kf3 Nxb3 39. Bb4 Nd4+
40. Ke3 Nc2+ 41. Kd3 Nxb4+ 42. axb4 e4+ 43. Ke3 b6 44. h4 a5 45. bxa5 bxa5 46.
Kd2 a4 47. Kc2 e3 0-1

[Event "CYCC U14"]
[Site "Kapuskasing CAN"]
[Date "2003.07.07"]
[Round "1"]
[White "Humphreys, Michael"]
[Black "Deveau, Justin"]
[Result "0-1"]
[WhiteElo "1319"]
[BlackElo "1744"]
[PlyCount "110"]
[EventDate "2003.07.07"]
[EventType "swiss"]
[EventRounds "7"]
[EventCountry "CAN"]

1. d4 e6 2. c4 Bb4+ 3. Bd2 Nc6 4. Nf3 Nf6 5. Bxb4 Nxb4 6. e3 O-O 7. a3 Na6 8.
Bd3 c5 9. O-O b6 10. Qd2 Bb7 11. Qe2 Qe7 12. Nbd2 Rfd8 13. d5 exd5 14. cxd5 Nc7
15. e4 Re8 16. Rfe1 d6 17. h3 a6 18. b4 cxb4 19. axb4 b5 20. Bc2 Ncxd5 21. e5
dxe5 22. Qxe5 Qxe5 23. Rxe5 Rxe5 24. Nxe5 Nxb4 25. Bb3 Bd5 26. Rb1 Bxb3 27.
Rxb3 Nbd5 28. Nc6 Rc8 29. Na7 Rc7 30. Nxb5 axb5 31. Rxb5 h6 32. Ne4 Nxe4 33.
Rxd5 Rc1+ 34. Kh2 Nxf2 35. Rd8+ Kh7 36. Rd7 f6 37. Rd2 Ne4 38. Re2 Ng5 39. Rf2
Nf7 40. Rf3 Rc2 41. Kg1 Ne5 42. Rf4 Nd3 43. Rf1 Rc1 44. Rxc1 Nxc1 45. Kf2 Kg6
46. Ke3 Kf5 47. g4+ Kg5 48. Kf3 Kh4 49. Kg2 Nd3 50. Kh2 Nf4 51. Kh1 Kxh3 52. g5
hxg5 53. Kg1 g4 54. Kh1 g3 55. Kg1 Ne2+ 0-1

[Event "CYCC U14"]
[Site "Kapuskasing CAN"]
[Date "2003.07.07"]
[Round "1"]
[White "Lawson, Jonathan"]
[Black "Preda, Andrei"]
[Result "1-0"]
[WhiteElo "1708"]
[BlackElo "1301"]
[PlyCount "73"]
[EventDate "2003.07.07"]
[EventType "swiss"]
[EventRounds "7"]
[EventCountry "CAN"]

1. e4 e5 2. Nf3 Nc6 3. Bc4 Nf6 4. d3 Bc5 5. O-O O-O 6. Nbd2 d6 7. Re1 Be6 8.
Bb3 Re8 9. Nf1 d5 10. Ng3 d4 11. Nh4 g6 12. Nf3 Qd7 13. Ba4 a6 14. Nxe5 Qd6 15.
Nxc6 b5 16. e5 Qxc6 17. Bb3 Bxb3 18. cxb3 Nd7 19. f4 f5 20. Bd2 Qd5 21. Qf3
Qxf3 22. gxf3 Nf8 23. Kf2 Re7 24. Rg1 Kf7 25. b4 Bb6 26. Rac1 Rae8 27. h4 h5
28. Rg2 Re6 29. Rcg1 Nd7 30. Nxf5 Rf8 31. Nh6+ Ke8 32. Rxg6 Rxg6 33. Rxg6 Ke7
34. e6 Nf6 35. f5 Ne8 36. Bg5+ Kd6 37. e7+ 1-0

[Event "CYCC U14"]
[Site "Kapuskasing CAN"]
[Date "2003.07.07"]
[Round "1"]
[White "Pauric, Allen"]
[Black "Longo, Tyler"]
[Result "1-0"]
[WhiteElo "1955"]
[BlackElo "1354"]
[PlyCount "53"]
[EventDate "2003.07.07"]
[EventType "swiss"]
[EventRounds "7"]
[EventCountry "CAN"]

1. d4 Nf6 2. Nf3 e6 3. Bf4 d5 4. e3 c5 5. c3 Nc6 6. Nbd2 Be7 7. Bd3 O-O 8. O-O
Re8 9. Ne5 Nxe5 10. Bxe5 Bd6 11. Nf3 b6 12. Qe2 a6 13. a4 Bb7 14. Rfe1 c4 15.
Bc2 Qe7 16. Bxd6 Qxd6 17. Nd2 e5 18. dxe5 Rxe5 19. Nf3 Rh5 20. Red1 d4 21. Rxd4
Bxf3 22. Qxf3 Qxh2+ 23. Kf1 Re8 24. Rad1 Qc7 25. g3 b5 26. Rd6 Re6 27. Rd8+ 1-0

[Event "CYCC U14"]
[Site "Kapuskasing CAN"]
[Date "2003.07.07"]
[Round "1"]
[White "Wang, David"]
[Black "Piche, Justin"]
[Result "1-0"]
[WhiteElo "2056"]
[BlackElo "1438"]
[PlyCount "35"]
[EventDate "2003.07.07"]
[EventType "swiss"]
[EventRounds "7"]
[EventCountry "CAN"]

1. e4 e5 2. Nf3 Nc6 3. Bb5 Bc5 4. O-O Nge7 5. Nxe5 Nxe5 6. d4 a6 7. Ba4 b5 8.
Bb3 Bxd4 9. Qxd4 N7c6 10. Qc3 O-O 11. Qg3 d6 12. f4 Ng6 13. f5 Nh8 14. Bg5 Qe8
15. Bf6 g6 16. Qg5 Qxe4 17. Qh6 Qe3+ 18. Qxe3 1-0

[Event "CYCC U14"]
[Site "Kapuskasing CAN"]
[Date "2003.07.07"]
[Round "2"]
[White "Deveau, Justin"]
[Black "Reid, Alexander"]
[Result "1/2-1/2"]
[WhiteElo "1744"]
[BlackElo "1486"]
[PlyCount "82"]
[EventDate "2003.07.07"]
[EventType "swiss"]
[EventRounds "7"]
[EventCountry "CAN"]

1. e4 d6 2. d4 Nf6 3. Nc3 g6 4. Nf3 Bg7 5. Be3 O-O 6. Be2 e5 7. Qd2 Nc6 8. d5
Ne7 9. Bh6 Nd7 10. Bxg7 Kxg7 11. h4 f5 12. Ng5 Nf6 13. exf5 Bxf5 14. h5 Nexd5
15. Nxd5 Nxd5 16. Nxh7 Kxh7 17. Qxd5 Rb8 18. hxg6+ Kxg6 19. O-O-O Rh8 20. Rxh8
Qxh8 21. g4 Bd7 22. Qe4+ Kf6 23. Rh1 Qg8 24. Rh6+ Ke7 25. Rh7+ Kd8 26. Bc4 Qg5+
27. Kb1 Rc8 28. Rh8+ Be8 29. Bf7 Ke7 30. Rxe8+ Rxe8 31. Bxe8 Kxe8 32. a3 Kd7
33. f3 Kc8 34. Qa4 a6 35. Qe8+ Qd8 36. Qh5 Qg8 37. g5 Kd8 38. g6 Ke8 39. Qf5
Ke7 40. Kc1 Qf8 41. Qh5 Qg7 1/2-1/2

[Event "CYCC U14"]
[Site "Kapuskasing CAN"]
[Date "2003.07.07"]
[Round "2"]
[White "Lamprea, Sebastian"]
[Black "Pauric, Allen"]
[Result "0-1"]
[WhiteElo "1489"]
[BlackElo "1955"]
[PlyCount "46"]
[EventDate "2003.07.07"]
[EventType "swiss"]
[EventRounds "7"]
[EventCountry "CAN"]

1. d4 d5 2. e3 Nf6 3. Bd3 Bg4 4. Ne2 e6 5. Nd2 c5 6. c3 Nc6 7. b3 Be7 8. Qc2
Rc8 9. f3 Bh5 10. c4 dxc4 11. Nxc4 cxd4 12. O-O Nb4 13. Qb1 Nxd3 14. Qxd3 dxe3
15. Qxd8+ Rxd8 16. Bxe3 b6 17. a4 O-O 18. Rfd1 Nd5 19. Bf2 Bg6 20. Ne5 Rc8 21.
Nxg6 hxg6 22. Nd4 Bf6 23. Rac1 Nc3 0-1

[Event "CYCC U14"]
[Site "Kapuskasing CAN"]
[Date "2003.07.07"]
[Round "2"]
[White "Peng, David"]
[Black "Hogeveen Rutter, Alexander"]
[Result "1/2-1/2"]
[WhiteElo "1994"]
[BlackElo "1630"]
[PlyCount "56"]
[EventDate "2003.07.07"]
[EventType "swiss"]
[EventRounds "7"]
[EventCountry "CAN"]

1. e4 c5 2. Nf3 Nc6 3. d4 cxd4 4. Nxd4 g6 5. Be3 Bg7 6. Nc3 d6 7. f3 Nf6 8. Qd2
O-O 9. Bc4 a6 10. Bb3 h5 11. O-O Bd7 12. Nd5 Nxd5 13. exd5 Na5 14. f4 Nxb3 15.
axb3 e6 16. dxe6 fxe6 17. Rad1 d5 18. Qd3 Qe8 19. c3 Rc8 20. Nf3 Bb5 21. Qd2
Bxf1 22. Rxf1 Bf6 23. Re1 Kh7 24. Ng5+ Bxg5 25. fxg5 Rc7 26. Bd4 Rf5 27. Bf6
Qb5 28. g4 Rf3 1/2-1/2

[Event "CYCC U14"]
[Site "Kapuskasing CAN"]
[Date "2003.07.08"]
[Round "2"]
[White "Preda, Andrei"]
[Black "Sorensen, Thomas"]
[Result "1-0"]
[WhiteElo "1301"]
[BlackElo "978"]
[PlyCount "109"]
[EventDate "2003.07.07"]
[EventType "swiss"]
[EventRounds "7"]
[EventCountry "CAN"]

1. e4 c5 2. Nc3 Nc6 3. Nf3 e5 4. Bb5 d6 5. d3 Bg4 6. h3 Bh5 7. g4 Bg6 8. Be3
Nf6 9. Qe2 Be7 10. Nd5 Nxd5 11. exd5 Qb6 12. c4 a6 13. Ba4 Qb4+ 14. Bd2 Qxa4
15. b3 Qa3 16. dxc6 bxc6 17. O-O O-O 18. Bc3 a5 19. Nd2 Rab8 20. Nb1 Rxb3 21.
Nxa3 Rxc3 22. Qb2 Rxd3 23. Kg2 Be4+ 24. f3 Bg6 25. Rad1 e4 26. Rxd3 exd3 27.
Qd2 Bf6 28. f4 Be4+ 29. Kg3 d5 30. Re1 Rb8 31. Rb1 Rxb1 32. Nxb1 dxc4 33. Qxa5
g6 34. Qe1 d2 35. Nxd2 Bd3 36. Qc1 c3 37. Nb1 c2 38. Na3 c4 39. Nxc2 c3 40. Ne3
g5 41. fxg5 Bxg5 42. Qxc3 Bxe3 43. Qxd3 Ba7 44. Qe4 Bc5 45. Qe8+ Bf8 46. Qxc6
Bg7 47. Qc8+ Bf8 48. a4 Kg7 49. a5 Be7 50. a6 Bf6 51. a7 Kg6 52. a8=Q Kh6 53.
Qf8+ Bg7 54. Qc6+ f6 55. Qcxf6# 1-0

[Event "CYCC U14"]
[Site "Kapuskasing CAN"]
[Date "2003.07.07"]
[Round "3"]
[White "Preda, Andrei"]
[Black "Piche, Justin"]
[Result "0-1"]
[WhiteElo "1301"]
[BlackElo "1438"]
[PlyCount "148"]
[EventDate "2003.07.07"]
[EventType "swiss"]
[EventRounds "7"]
[EventCountry "CAN"]

1. e4 e5 2. Nf3 Nc6 3. Bb5 a6 4. Bxc6 dxc6 5. d3 Bd6 6. Be3 Nf6 7. Nc3 O-O 8.
O-O Bg4 9. Re1 Re8 10. d4 Nd7 11. h3 Bh5 12. g4 Bg6 13. dxe5 Nxe5 14. Nxe5 Bxe5
15. Qxd8 Raxd8 16. f3 h6 17. Nd1 Rd7 18. c3 Red8 19. Kg2 Bf6 20. Kg3 Kf8 21.
Nf2 Be7 22. Rad1 Rxd1 23. Rxd1 Rxd1 24. Nxd1 Bd6+ 25. Bf4 Bxf4+ 26. Kxf4 f6 27.
Ne3 Bf7 28. a3 g6 29. e5 Ke7 30. Ke4 Ke6 31. exf6 Kxf6 32. h4 Be6 33. f4 g5 34.
fxg5+ hxg5 35. h5 Bg8 36. Kd4 Be6 37. b4 b6 38. Ke4 Bg8 39. a4 a5 40. Kd4 Bb3
41. bxa5 bxa5 42. Nc4 Bxa4 43. Nxa5 Bd1 44. Ke3 Bxg4 45. Kf2 Bxh5 46. Kg3 Be8
47. Nb7 Bd7 48. Nc5 Bf5 49. Na6 Ke5 50. Nxc7 Ke4 51. c4 Kd4 52. Ne8 Kc5 53. Kf3
Be6 54. Ng7 Bh3 55. Kg3 g4 56. Ne6+ Kxc4 57. Nf4 c5 58. Kf2 Kd4 59. Ke2 c4 60.
Kd2 c3+ 61. Kc2 Bf1 62. Kb3 g3 63. Kc2 g2 64. Nxg2 Bxg2 65. Kc1 Kd3 66. Kd1 Ba8
67. Kc1 c2 68. Kb2 Kd2 69. Ka2 c1=Q 70. Kb3 Qc5 71. Kb2 Qc3+ 72. Kb1 Qb4+ 73.
Ka2 Kc2 74. Ka1 Qb1# 0-1

[Event "CYCC U14 w"]
[Site "Kapuskasing CAN"]
[Date "2003.07.07"]
[Round "1"]
[White "Goutor, Valentina"]
[Black "Heppenstall, Lara"]
[Result "1-0"]
[WhiteElo "1830"]
[BlackElo "1294"]
[PlyCount "91"]
[EventDate "2003.07.07"]
[EventType "swiss"]
[EventRounds "7"]
[EventCountry "CAN"]

1. e4 g6 2. d4 d6 3. f4 Nf6 4. Nc3 Bg7 5. Nf3 c5 6. dxc5 Qa5 7. Bd3 Qxc5 8. Qe2
O-O 9. Be3 Qb4 10. O-O Qxb2 11. Nb5 Ne8 12. Rfb1 Qxa1 13. Rxa1 Bxa1 14. c3 a6
15. Qd1 axb5 16. Qxa1 Nc7 17. f5 f6 18. fxg6 hxg6 19. Bh6 Re8 20. e5 Kf7 21.
Qb1 Rg8 22. exd6 exd6 23. Bf4 Nd5 24. Bxd6 Nc6 25. Qxb5 Ra5 26. Qb3 Kg7 27. Bc4
Rd8 28. Bb4 Ndxb4 29. cxb4 Rh5 30. h3 b5 31. Bd3 Rhd5 32. Be4 Rd1+ 33. Kf2 Ne5
34. Nxe5 fxe5 35. Qc3 Kf6 36. Ke3 Bf5 37. Bxf5 gxf5 38. Qc6+ Kg5 39. h4+ Kh5
40. Qf6 f4+ 41. Ke4 Rg8 42. Qf7+ Rg6 43. Kxe5 Rd2 44. Qh7+ Rh6 45. Qf5+ Kxh4
46. Qxf4+ 1-0

[Event "CYCC U14 w"]
[Site "Kapuskasing CAN"]
[Date "2003.07.07"]
[Round "1"]
[White "Lawson, Bianca"]
[Black "Chi, Megan"]
[Result "1/2-1/2"]
[WhiteElo "1145"]
[BlackElo "1408"]
[PlyCount "75"]
[EventDate "2003.07.07"]
[EventType "swiss"]
[EventRounds "7"]
[EventCountry "CAN"]
[Source "CFC"]
[SourceDate "2003.08.??"]

1. e4 c5 2. Nf3 d6 3. d4 cxd4 4. Nxd4 Nf6 5. Nc3 g6 6. Be3 Bg7 7. Be2 O-O 8.
O-O Nc6 9. Qd2 Bd7 10. a3 a6 11. Rfd1 Rc8 12. Bh6 Qc7 13. Bxg7 Kxg7 14. Bf3
Rfd8 15. Rac1 Ne5 16. Qe2 Qc5 17. Nb3 Qc7 18. Nd5 Nxd5 19. exd5 Bb5 20. Qe3 Nc4
21. Qd4+ Kg8 22. h3 Ne5 23. Bg4 f5 24. Bf3 Nxf3+ 25. gxf3 Be2 26. Re1 Bxf3 27.
c4 Re8 28. Qe3 Bh5 29. Kh2 Qd7 30. Rg1 e6 31. Qg5 Be2 32. dxe6 Qxe6 33. Nd2
Bxc4 34. Nxc4 Rxc4 35. Rxc4 Qxc4 36. Qxf5 Rf8 37. Rxg6+ hxg6 38. Qxg6+ 1/2-1/2

[Event "CYCC U14 w"]
[Site "Kapuskasing CAN"]
[Date "2003.07.07"]
[Round "1"]
[White "Mandamin, Amelia"]
[Black "Cheng, Lesley"]
[Result "0-1"]
[WhiteElo "697"]
[BlackElo "1365"]
[PlyCount "70"]
[EventDate "2003.07.07"]
[EventType "swiss"]
[EventRounds "7"]
[EventCountry "CAN"]

1. e3 d6 2. d4 g6 3. Nh3 Bg7 4. Nd2 Nf6 5. Nf3 Bg4 6. Bb5+ c6 7. Be2 O-O 8. Nh4
Bxe2 9. Qxe2 Nfd7 10. Bd2 e5 11. O-O-O Qxh4 12. Bb4 c5 13. Bc3 exd4 14. exd4
cxd4 15. Rxd4 Bxd4 16. Bxd4 Qxd4 17. Rd1 Qe5 18. Qd2 Qxh2 19. Qxd6 Qxg2 20. Qg3
Qxg3 21. fxg3 Ne5 22. Rh1 Nbc6 23. Ng5 h5 24. Ne4 Kg7 25. Rf1 Rad8 26. Nc5 Rfe8
27. Nxb7 Rd5 28. b3 Rb8 29. c4 Rd3 30. Nc5 Rxg3 31. Rd1 Rg2 32. Rd2 Rxd2 33.
Kxd2 h4 34. Ne4 h3 35. Nf2 h2 0-1

[Event "CYCC U14 w"]
[Site "Kapuskasing CAN"]
[Date "2003.07.08"]
[Round "3"]
[White "Goutor, Valentina"]
[Black "Dinca, Cornelia"]
[Result "0-1"]
[WhiteElo "1830"]
[BlackElo "1789"]
[PlyCount "85"]
[EventDate "2003.07.07"]
[EventType "swiss"]
[EventRounds "7"]
[EventCountry "CAN"]
[Source "CFC"]
[SourceDate "2003.08.??"]

1. e4 c5 2. Nf3 d6 3. d4 cxd4 4. Nxd4 Nf6 5. Nc3 Nc6 6. Be2 e5 7. Nb3 a5 8. a4
Nb4 9. Bg5 Be7 10. Bxf6 Bxf6 11. Nb5 Be7 12. c3 Na6 13. Bc4 O-O 14. O-O Be6 15.
Bd5 Qb6 16. Qd2 Nc7 17. Nxc7 Qxc7 18. Rfd1 Qb6 19. Qc2 Kh8 20. Rd3 Bd7 21. Rf3
f6 22. h3 Rac8 23. Nd2 Qc5 24. Nc4 Bc6 25. Ne3 g6 26. b3 b5 27. Bxc6 Rxc6 28.
Nd5 Bd8 29. axb5 Qxb5 30. g4 f5 31. c4 Qc5 32. Qd2 f4 33. Rd3 Rf7 34. Kg2 Ra7
35. Nc3 Qb4 36. Qd1 Bc7 37. Nb5 Raa6 38. Rd5 a4 39. Nxc7 Rxc7 40. Rxe5 Qc3 41.
Rb5 a3 42. Ra2 Kg7 43. Rb8 0-1

[Event "CYCC U14 w"]
[Site "Kapuskasing CAN"]
[Date "2003.07.08"]
[Round "3"]
[White "Lawson, Bianca"]
[Black "Xu, Linda"]
[Result "0-1"]
[WhiteElo "1145"]
[BlackElo "1537"]
[PlyCount "110"]
[EventDate "2003.07.07"]
[EventType "swiss"]
[EventRounds "7"]
[EventCountry "CAN"]

1. e4 c5 2. Nf3 d6 3. d4 cxd4 4. Nxd4 Nf6 5. Nc3 e6 6. Bg5 Be7 7. Bxf6 Bxf6 8.
f3 a6 9. Be2 O-O 10. O-O Qb6 11. Kh1 Qxd4 12. Qxd4 Bxd4 13. Rfd1 Be5 14. g3 g5
15. Rf1 b5 16. f4 gxf4 17. gxf4 Bg7 18. Rg1 Kh8 19. a3 Bb7 20. Bf3 f5 21. Rae1
Bd4 22. Rg2 Rd8 23. Nd1 a5 24. c3 Bb6 25. Nf2 Rg8 26. Nh3 h6 27. Ng1 Bxg1 28.
Rgxg1 Rxg1+ 29. Kxg1 Nd7 30. Re3 Nc5 31. exf5 Bxf3 32. Rxf3 exf5 33. b4 axb4
34. cxb4 Ne4 35. Rd3 Kg7 36. Rd5 Kf6 37. Rxb5 Rxa3 38. Rb8 Rb3 39. b5 Ke6 40.
b6 Nc5 41. Rh8 Rxb6 42. Rxh6+ Kd5 43. h4 Ke4 44. h5 Kxf4 45. Rg6 Ne4 46. h6 Ng5
47. Rg7 d5 48. h7 Rh6 49. Rd7 Rxh7 50. Rxd5 Nf3+ 51. Kf2 Rh2+ 52. Kf1 Ra2 53.
Rb5 Kg4 54. Rb3 Kg3 55. Rxf3+ Kxf3 0-1

[Event "CYCC U14 w"]
[Site "Kapuskasing CAN"]
[Date "2003.07.09"]
[Round "5"]
[White "Heppenstall, Lara"]
[Black "Dinca, Cornelia"]
[Result "1/2-1/2"]
[WhiteElo "1294"]
[BlackElo "1789"]
[PlyCount "90"]
[EventDate "2003.07.07"]
[EventType "swiss"]
[EventRounds "7"]
[EventCountry "CAN"]

1. d4 Nf6 2. c4 g6 3. Nc3 d5 4. Bg5 Ne4 5. Bh4 c6 6. e3 Qa5 7. Qc2 Bg7 8. Nf3
Nd7 9. Bd3 Nxc3 10. bxc3 e5 11. Nd2 e4 12. Be2 O-O 13. O-O f5 14. cxd5 cxd5 15.
c4 Qc7 16. Bg3 Qc6 17. Rac1 Nf6 18. cxd5 Qxc2 19. Rxc2 Nxd5 20. Bc4 Be6 21.
Bxd5 Bxd5 22. Nc4 Rac8 23. Rfc1 Bc6 24. Na5 f4 25. Bxf4 Bxd4 26. Nxc6 bxc6 27.
Rxc6 Rxc6 28. Rxc6 Bb6 29. g4 Kf7 30. g5 Rd8 31. Bc7 Rd1+ 32. Kg2 Rd2 33. Bxb6
axb6 34. Rxb6 Rxa2 35. Rb7+ Kg8 36. Re7 Ra4 37. h4 Rc4 38. Kg3 Rb4 39. Kf4 Rb2
40. f3 exf3 41. Kxf3 Rh2 42. Kg3 Rh1 43. e4 Rg1+ 44. Kh2 Re1 45. Kg2 Re3
1/2-1/2

[Event "CYCC U14 w"]
[Site "Kapuskasing CAN"]
[Date "2003.07.09"]
[Round "6"]
[White "Goutor, Valentina"]
[Black "Xu, Linda"]
[Result "1/2-1/2"]
[WhiteElo "1830"]
[BlackElo "1537"]
[PlyCount "126"]
[EventDate "2003.07.07"]
[EventType "swiss"]
[EventRounds "7"]
[EventCountry "CAN"]
[Source "LesEchecs.com"]
[SourceDate "2003.03.18"]

1. e4 c5 2. Nf3 d6 3. d4 cxd4 4. Nxd4 Nf6 5. Nc3 e6 6. Be2 Be7 7. Be3 Nc6 8.
Qd2 a6 9. f4 Bd7 10. Bf3 Qc7 11. g4 e5 12. Nf5 Bxf5 13. gxf5 b5 14. Rg1 g6 15.
fxg6 hxg6 16. f5 Rg8 17. fxg6 fxg6 18. Nd5 Nxd5 19. Qxd5 O-O-O 20. O-O-O Kb8
21. Bg4 Nb4 22. Qb3 Nc6 23. Be6 Rh8 24. h3 Rh4 25. Bg4 Na5 26. Qd3 Nc4 27. Bf2
Qa5 28. Qb3 Bg5+ 29. Kb1 Rh6 30. Be1 Qc7 31. Be6 Bf4 32. Bb4 g5 33. Bg4 Qc6 34.
Qd3 a5 35. Be1 b4 36. Bf2 Kb7 37. Be2 Rc8 38. c3 bxc3 39. Qxc3 Qxe4+ 40. Bd3
Qc6 41. Qb3+ Ka8 42. Bxc4 Qxc4 43. Qb6 Qc2+ 44. Ka1 Qc7 45. Qa6+ Kb8 46. Bb6
Qb7 47. Qxa5 d5 48. Bd8 Rhc6 49. a3 Bc1 50. Qb4 Qxb4 51. axb4 Ra6+ 52. Kb1 Be3
53. Rge1 Bf4 54. Rxd5 Rac6 55. Bxg5 Bxg5 56. Rexe5 Bd8 57. Rb5+ Kc7 58. Rec5
Rxc5 59. Rxc5+ Kb7 60. Rxc8 Kxc8 61. Kc2 Kb7 62. Kc3 Kb6 63. Kb3 Bh4 1/2-1/2

[Event "CYCC U16"]
[Site "Kapuskasing CAN"]
[Date "2003.07.07"]
[Round "1"]
[White "Mollison, William"]
[Black "Juma, Sadiq"]
[Result "0-1"]
[WhiteElo "1198"]
[BlackElo "1628"]
[PlyCount "60"]
[EventDate "2003.07.07"]
[EventType "swiss"]
[EventRounds "7"]
[EventCountry "CAN"]

1. e4 c5 2. Nf3 d6 3. d4 cxd4 4. Nxd4 Nf6 5. Nc3 a6 6. Be3 e5 7. Nb3 Be6 8. Qd2
Be7 9. O-O-O Nbd7 10. Nd5 Bxd5 11. exd5 Ng4 12. Re1 Nxe3 13. fxe3 Qc7 14. Be2
Rc8 15. c4 Nc5 16. Nxc5 Qxc5 17. b4 Qc7 18. Qc2 O-O 19. Rhf1 b5 20. Kb2 bxc4
21. Rc1 Qb6 22. Bxc4 Qxb4+ 23. Qb3 Qa5 24. Qc2 e4 25. a4 Bf6+ 26. Ka2 Rc5 27.
Qb3 Rfc8 28. Rf4 Qd2+ 29. Rc2 Qd1 30. Rxe4 Qa1# 0-1

[Event "CYCC U16"]
[Site "Kapuskasing CAN"]
[Date "2003.07.07"]
[Round "1"]
[White "Parcham Kashani, Alborz"]
[Black "Meng, Fanhao"]
[Result "0-1"]
[WhiteElo "1497"]
[BlackElo "2243"]
[PlyCount "52"]
[EventDate "2003.07.07"]
[EventType "swiss"]
[EventRounds "7"]
[EventCountry "CAN"]

1. e4 e5 2. Bc4 Nf6 3. d3 Bc5 4. Nf3 d6 5. c3 Nc6 6. b4 Bb6 7. a4 a5 8. b5 Ne7
9. Nbd2 Ng6 10. O-O O-O 11. h3 c6 12. Rb1 Bc7 13. bxc6 bxc6 14. Qc2 d5 15. Ba2
Nf4 16. exd5 cxd5 17. Rd1 Bxh3 18. gxh3 Qd7 19. Nf1 Nxh3+ 20. Kh1 Qf5 21. Qe2
e4 22. Ne3 Qh5 23. Nd4 Nxf2+ 24. Kg1 Qh2+ 25. Kf1 Nxd1 26. Qxd1 Nh5 0-1

[Event "CYCC U16"]
[Site "Kapuskasing CAN"]
[Date "2003.07.07"]
[Round "2"]
[White "Komer, William"]
[Black "Tsui, Edwin"]
[Result "0-1"]
[WhiteElo "1063"]
[BlackElo "1883"]
[PlyCount "68"]
[EventDate "2003.07.07"]
[EventType "swiss"]
[EventRounds "7"]
[EventCountry "CAN"]

1. d4 d5 2. e3 Nf6 3. Bd3 e6 4. h3 c5 5. Nf3 Nc6 6. b3 Bd7 7. Ba3 Nb4 8. Bxb4
cxb4 9. O-O Bd6 10. a3 O-O 11. axb4 Bxb4 12. Na3 Qe7 13. Qc1 Rac8 14. Ra2 a6
15. Nb1 Ne4 16. Ne5 Bb5 17. Bxb5 axb5 18. f3 Nc3 19. Nxc3 Bxc3 20. Nd3 f6 21.
Nf4 Rfd8 22. Ne2 e5 23. Nxc3 Rxc3 24. Qd2 exd4 25. Qxd4 Rxe3 26. Qb6 Re2 27.
Qxb5 Qe3+ 28. Kh2 Qe5+ 29. Kg1 Re8 30. Qxb7 Qg5 31. g4 Qe5 32. f4 Qe3+ 33. Rf2
Qxf2+ 34. Kh1 Qf1# 0-1

[Event "CYCC U16"]
[Site "Kapuskasing CAN"]
[Date "2003.07.07"]
[Round "2"]
[White "Meng, Fanhao"]
[Black "Harper, Jamie"]
[Result "1-0"]
[WhiteElo "2243"]
[BlackElo "1333"]
[PlyCount "29"]
[EventDate "2003.07.07"]
[EventType "swiss"]
[EventRounds "7"]
[EventCountry "CAN"]

1. e4 Nf6 2. e5 Nd5 3. d4 d6 4. exd6 exd6 5. c4 Nb6 6. Bd3 Be7 7. h3 O-O 8. Nf3
N8d7 9. b3 Nf6 10. O-O Bd7 11. Bb2 Re8 12. Nbd2 c5 13. d5 Qc7 14. Qc2 g6 15.
Qc3 1-0

[Event "CYCC U16"]
[Site "Kapuskasing CAN"]
[Date "2003.07.07"]
[Round "2"]
[White "Predescu, Sebastian"]
[Black "Juma, Sadiq"]
[Result "1-0"]
[WhiteElo "2280"]
[BlackElo "1628"]
[PlyCount "65"]
[EventDate "2003.07.07"]
[EventType "swiss"]
[EventRounds "7"]
[EventCountry "CAN"]

1. e4 c5 2. Nf3 d6 3. d4 cxd4 4. Nxd4 Nf6 5. Nc3 a6 6. Bc4 e6 7. Bb3 Be7 8. f4
Qc7 9. f5 e5 10. Nde2 b5 11. Nd5 Qd8 12. Nxf6+ Bxf6 13. Bxf7+ Kxf7 14. Qd5+ Ke8
15. Qxa8 Qc7 16. Qd5 Nc6 17. c3 Ne7 18. Qd3 Bb7 19. Be3 d5 20. exd5 Bxd5 21.
Rg1 e4 22. Qd2 Kf7 23. Nf4 Bc4 24. Ne6 Bxe6 25. fxe6+ Kxe6 26. O-O-O Qc6 27.
Qc2 Nf5 28. Bf4 g5 29. Bg3 Ne3 30. Qb3+ Ke7 31. Bd6+ Kd8 32. Qe6 Bxc3 33. Be7+
1-0

[Event "CYCC U16"]
[Site "Kapuskasing CAN"]
[Date "2003.07.08"]
[Round "3"]
[White "Tsui, Edwin"]
[Black "Predescu, Sebastian"]
[Result "0-1"]
[WhiteElo "1883"]
[BlackElo "2280"]
[PlyCount "84"]
[EventDate "2003.07.07"]
[EventType "swiss"]
[EventRounds "7"]
[EventCountry "CAN"]

1. e4 c5 2. Nc3 Nc6 3. g3 g6 4. Bg2 Bg7 5. d3 e6 6. Be3 Nd4 7. Nce2 d6 8. c3
Nxe2 9. Nxe2 Bd7 10. d4 cxd4 11. cxd4 Ne7 12. O-O Bb5 13. Re1 Bxe2 14. Qxe2 O-O
15. Rac1 Qd7 16. Qd2 d5 17. e5 Rfc8 18. Bf1 a6 19. Bd3 Nc6 20. h4 Bf8 21. a3 b5
22. b4 Qb7 23. Qe2 Na7 24. h5 Rxc1 25. Rxc1 Rc8 26. Qg4 Qd7 27. Kg2 Rxc1 28.
Bxc1 Qe8 29. Bd2 Nc8 30. hxg6 hxg6 31. Qd1 Nb6 32. Qc2 Nc4 33. Bxc4 dxc4 34.
Qe4 Qd7 35. Qa8 Qxd4 36. Be3 Qd5+ 37. Qxd5 exd5 38. Bd2 d4 39. f4 c3 40. Be1 a5
41. bxa5 Bxa3 42. a6 Bc5 0-1

[Event "CYCC U16"]
[Site "Kapuskasing CAN"]
[Date "2003.07.09"]
[Round "5"]
[White "Meng, Fanhao"]
[Black "Predescu, Sebastian"]
[Result "1-0"]
[WhiteElo "2243"]
[BlackElo "2280"]
[PlyCount "57"]
[EventDate "2003.07.07"]
[EventType "swiss"]
[EventRounds "7"]
[EventCountry "CAN"]
[Source "CFC"]
[SourceDate "2003.08.??"]

1. e4 c5 2. c3 Nf6 3. e5 Nd5 4. d4 cxd4 5. Nf3 Nc6 6. cxd4 d6 7. Bc4 e6 8. O-O
Be7 9. exd6 Qxd6 10. Nc3 Nxc3 11. bxc3 O-O 12. Be3 b6 13. Qe2 Bb7 14. Rfd1 Na5
15. Bd3 Rac8 16. Rac1 Rfd8 17. Ne5 Nc6 18. Bxh7+ Kxh7 19. Qh5+ Kg8 20. Qxf7+
Kh8 21. Bh6 Qxe5 22. dxe5 gxh6 23. Qxe6 Bf8 24. Rd7 Rxd7 25. Qxd7 Rb8 26. e6
Ba8 27. Qf7 Rd8 28. Re1 Ne7 29. f4 1-0

[Event "CYCC U16 w"]
[Site "Kapuskasing CAN"]
[Date "2003.07.07"]
[Round "1"]
[White "Nadeau, Dominique"]
[Black "Mignault, Dominik"]
[Result "0-1"]
[WhiteElo "1333"]
[BlackElo "1290"]
[PlyCount "122"]
[EventDate "2003.07.07"]
[EventType "swiss"]
[EventRounds "6"]
[EventCountry "CAN"]

1. c4 e5 2. Nc3 Bc5 3. e3 Nc6 4. Bd3 Nf6 5. a3 O-O 6. Nh3 h6 7. b4 Be7 8. Qf3
d6 9. Nd5 Bxh3 10. Nxf6+ Bxf6 11. Qe4 g6 12. gxh3 Bh4 13. Rg1 Qf6 14. Qf5 Qxf5
15. Bxf5 Ne7 16. Be4 c6 17. Rg4 Bf6 18. Ke2 d5 19. cxd5 cxd5 20. Bg2 h5 21. Rg3
Nf5 22. Bxd5 Nxg3+ 23. hxg3 e4 24. Ra2 Rac8 25. Bb2 Bxb2 26. Rxb2 Rfe8 27. Bxb7
Rc7 28. Bd5 Re5 29. Ba8 Rc8 30. b5 Rxa8 31. a4 Rb8 32. f4 exf3+ 33. Kxf3 Re6
34. a5 Re7 35. a6 Re6 36. d4 Reb6 37. d5 Rxb5 38. Rd2 Rd8 39. e4 f5 40. g4
hxg4+ 41. hxg4 Kf7 42. gxf5 gxf5 43. Kf4 fxe4 44. Kxe4 Ke7 45. Ke5 Rb6 46. Rc2
Rxa6 47. Rc7+ Rd7 48. Rc6 Rxc6 49. dxc6 Rc7 50. Kd5 a5 51. Kc5 a4 52. Kb6 Kd6
53. Kb5 Rxc6 54. Kxa4 Rb6 55. Ka5 Kc5 56. Ka4 Rb5 57. Ka3 Rb4 58. Ka2 Kc4 59.
Ka1 Rb5 60. Ka2 Kc3 61. Ka3 Ra5# 0-1